000 01820nam a2200241Ia 4500
008 260220t2007||||xx |||||||||||||| ||spa||
040 _aPY-SlUNAC
_bspa
_erda
041 _aspa
082 _a303.44
_bP943i
110 _aNaciones Unidas.
_bPrograma de las Naciones Unidas para el Desarrollo
_eAutor
245 0 _aInforme sobre desarrollo humano 2007-2008 /
_cpor Programa de las Naciones Unidas para el Desarrollo [Autor]
264 _aMadrid :
_bMundi - Prensa,
_c℗2007.
300 _a1 volumen
520 _aEl "Informe sobre desarrollo humano 2007-2008", publicado por Mundi-Prensa, explora las dimensiones del desarrollo humano en el contexto global, enfatizando la importancia de la capacidad de las personas para vivir vidas plenas y satisfactorias. A lo largo del texto, se analiza la relación entre el desarrollo económico y el bienestar humano, poniendo de relieve que el crecimiento económico por sí solo no garantiza la mejora en la calidad de vida. El informe introduce el concepto de "desarrollo humano" como un enfoque que prioriza la educación, la salud y la equidad, proponiendo indicadores que van más allá del Producto Interno Bruto. Se discuten desafíos contemporáneos como la desigualdad, la pobreza y el acceso a oportunidades, destacando la necesidad de políticas inclusivas. A través de ejemplos y datos empíricos, el documento urge a los gobiernos y a la comunidad internacional a adoptar estrategias que promuevan el desarrollo integral, centrado en las personas, para alcanzar un futuro más justo y sostenible.
653 _aCalidad de vida
653 _aDesarrollo humano
653 _aInforme
942 _b2026/02/17
_cBK
999 _c6957
_d6957